Ceremonial Counties of England Quiz Stats

 Plays Quiz Updated Apr 15, 2014

Support Sporcle.
Go Orange.
Score 0/48 Timer 10:00
243 Plays Today
% Correct
Cornwall
93.6%
Devon
91.7%
Essex
89.4%
Kent
88.3%
Norfolk
87.1%
North Yorkshire
86.7%
West Yorkshire
83.7%
Suffolk
83.2%
South Yorkshire
83%
East Riding of Yorkshire
82.5%
Hampshire
82.1%
Cumbria
82.1%
City of London
81.3%
Oxfordshire
81%
Somerset
80.5%
Cambridgeshire
80.3%
Northumberland
80.3%
Lancashire
80.2%
West Sussex
79%
East Sussex
78.9%
Dorset
77.9%
Lincolnshire
77.5%
Isle of Wight
77.1%
Surrey
76.2%
% Correct
Greater London
75.2%
Nottinghamshire
75.1%
Gloucestershire
74.3%
Leicestershire
74.2%
Durham
73.8%
Derbyshire
73.5%
Greater Manchester
72.9%
Merseyside
72.6%
Cheshire
72%
Hertfordshire
71.9%
Buckinghamshire
71.8%
Herefordshire
70.8%
Bristol
70.7%
Shropshire
68%
Berkshire
67.9%
Wiltshire
67.3%
Tyne and Wear
66.7%
Worcestershire
66.2%
Warwickshire
65.6%
Bedfordshire
64.1%
Northamptonshire
64%
West Midlands
64%
Staffordshire
62.6%
Rutland
61%

You're not logged in!

Compare scores with friends on all Sporcle quizzes.
OR
Log In
Forgot?

From the Vault

Remove Ads.
Support Sporcle.
Get the best of Sporcle when you Go Orange. This ad-free experience offers more features, more stats, and more fun while also helping to support Sporcle. Thank you for becoming a member.

Show Comments

Extras

Top Quizzes Today


Score Distribution

Your Account Isn't Verified!

In order to create a playlist on Sporcle, you need to verify the email address you used during registration. Go to your Sporcle Settings to finish the process.

Report this User

Report this user for behavior that violates our Community Guidelines.

Details: